Pro Wrestlers who died young - Statistics

General Stats
  • This quiz has been taken 272 times
    237 since last reset
  • The average score is 16 of 63
Answer Stats
Date Age Cause of Death Answer % Correct
June 24, 2007 40 Suicide by hanging Chris Benoit
78%
November 13, 2005 38 Acute heart failure Eddie Guerrero
71%
May 23, 1999 34 78-foot fall Owen Hart
68%
June 22, 2007 43 Murder by asphyxiation Nancy Benoit
64%
January 27, 1993 46 Congestive heart failure André the Giant
59%
April 20, 2016 46 Overdose of alcohol and prescription drugs Chyna
59%
February 10, 1984 25 Ruptured intestines David Von Erich
48%
October 5, 1997 35 Arteriosclerotic heart disease Brian Pillman
47%
February 18, 1993 33 Suicide by gunshot Kerry Von Erich
47%
April 12, 1987 23 Suicide by sleeping pills and alcohol Mike Von Erich
44%
March 10, 1993 44 Murder by gunshots Dino Bravo
39%
July 17, 1988 42 Murder by stabbing Bruiser Brody
38%
March 13, 2009 33 Oxycodone overdose Test
38%
May 18, 2002 39 Heart attack British Bulldog
37%
May 17, 2020 39 Drowned after being caught in a rip current Shad Gaspard
37%
December 4, 2009 36 Heart attack Umaga
37%
February 10, 2004 44 Acute cocaine intoxication Curt Hennig
34%
October 23, 2000 34 Pulmonary edema Yokozuna
34%
April 20, 1999 40 Overdose of mixed medications Rick Rude
32%
June 1, 1998 45 Car accident Junkyard Dog
30%
June 7, 2006 42 Bladder cancer John "Earthquake" Tenta
29%
September 22, 2004 41 Heart attack Big Boss Man
28%
July 4, 1988 34 Car accident Adrian Adonis
26%
May 1, 2003 42 Acute toxicity from alcohol and painkillers Miss Elizabeth
26%
November 6, 2003 32 Suicide by overdose Crash Holly
25%
October 19, 2003 46 Heart attack Road Warrior Hawk
25%
February 17, 2007 42 Suicide by hanging Mike Awesome
23%
March 6, 2004 47 Heart disease Hercules (Hernandez)
22%
January 19, 2007 45 Overdose of multiple drugs Bam Bam Bigelow
20%
April 28, 2005 33 Pneumonia Chris Candido
20%
April 2, 2010 40 Suicide by overdose Chris Kanyon
20%
June 15, 2007 49 Overdose of multiple drugs Sensational Sherri
20%
February 18, 2014 43 Heart attack Viscera
20%
March 20, 1995 47 Liver cancer and Hodgkin's disease Big John Studd
19%
February 2, 1986 28 Drug overdose, possibly murder Gino Hernandez
19%
July 29, 2018 46 Suicide by hanging Brian Christopher
17%
August 13, 2007 43 Overdose of prescription drugs Crush
17%
February 15, 1998 27 Overdose on drugs and alcohol Louie Spicolli
17%
May 16, 2019 39 Suicide by hanging Ashley Massaro
15%
October 7, 2001 46 Gunshot "Gentleman" Chris Adams
14%
August 13, 2010 29 Heart failure due to mixed drug intoxication Lance Cade
13%
April 17, 2017 47 Congestive heart failure Rosey
13%
September 22, 2010 44 Complications from diabetes Giant González
12%
August 27, 2010 48 Overdose of prescription drugs Luna Vachon
12%
September 21, 2002 49 Heart attack Rocco Rock
12%
July 16, 2001 40 Heart attack Terry Gordy
12%
April 12, 2016 44 Heart attack Balls Mahoney
11%
February 23, 1999 34 Suicide by gunshot The Renegade
11%
November 23, 1994 28 Unknown, possibly heart failure or overdose Art Barr
10%
February 18, 1995 33 Heart attack Eddie Gilbert
10%
June 12, 1982 45 Cancer High Chief Peter Maivia
10%
September 9, 2014 43 Suicide by hanging Sean O'Haire
10%
February 16, 2006 39 Complications from sleep apnea Johnny Grunge
9%
January 8, 2010 47 Suicide by gunshot Ludvig Borga
7%
May 16, 2002 34 Kidney failure Big Dick Dudley
6%
February 7, 1992 32 Drug overdose Buzz Sawyer
6%
January 24, 2000 34 Painkiller overdose Bobby Duncum, Jr.
5%
September 26, 2004 35 Breast cancer Marianna Komlos / Mrs. Cleavage
5%
September 25, 2003 36 Opioid overdose Anthony Durante / Pitbull #2
3%
July 27, 2001 40 Heart attack Bertha Faye
3%
January 22, 1995 45 Complications from auto accident "Crusher" Jerry Blackwell
3%
November 1, 1985 30 Heart attack "Quickdraw" Rick McGraw
3%
December 6, 2003 36 Heart attack The Wall
3%
No matching quizzes found
Score Distribution
Percent of People with Each Score
Percentile by Number Answered
Your Score History
You have not taken this quiz since the last reset